00258nam a22000977a 4500008004100000082001700041110000800058245007800066260000800144300000800152230704b xxu||||| |||| 00| 0 eng d a341.754bEAC bEAC aProtocol on the Establishment of the East African community Customs Union bEAC a41p